|
|
|
|
| LEADER |
00000nam0a2200000 4500 |
| 001 |
360611 |
| 005 |
20231102011314.0 |
| 035 |
|
|
|a (RuTPU)RU\TPU\retro\17937
|
| 090 |
|
|
|a 360611
|
| 100 |
|
|
|a 20210419d1973 km y0rusy50 ca
|
| 101 |
0 |
|
|a rus
|
| 102 |
|
|
|a RU
|
| 105 |
|
|
|a a z 000zy
|
| 200 |
1 |
|
|a Эрмитаж: путеводитель по залам музея
|f О. М. Персианова
|g худож. В. К. Пахрицин
|
| 205 |
|
|
|a 5-е изд., доп.
|
| 210 |
|
|
|a Ленинград
|c Аврора
|d 1973
|
| 215 |
|
|
|a 208 с.
|c ил.
|
| 606 |
1 |
|
|a Эрмитаж
|2 stltpush
|3 (RuTPU)RU\TPU\subj\21412
|9 46411
|
| 610 |
1 |
|
|a музеи
|
| 610 |
1 |
|
|a путеводители
|
| 610 |
1 |
|
|a история
|
| 610 |
1 |
|
|a русская культура
|
| 610 |
1 |
|
|a первобытная культура
|
| 610 |
1 |
|
|a Восточное искусство
|
| 610 |
1 |
|
|a античное искусство
|
| 610 |
1 |
|
|a Западноевропейское искусство
|
| 610 |
1 |
|
|a нумизматика
|
| 675 |
|
|
|a 7(069)
|v 4
|
| 700 |
|
1 |
|a Персианова
|b О. М.
|g Ольга Михайловна
|
| 702 |
|
1 |
|a Пахрицин
|b В. К.
|4 040
|
| 801 |
|
1 |
|a RU
|b 63413507
|c 20210419
|
| 801 |
|
2 |
|a RU
|b 63413507
|c 20210909
|g RCR
|
| 942 |
|
|
|c BK
|